Kiểm tra đánh giá Kiểm tra đánh giá

Đã lưu trong:
Bibliografiske detaljer
Hovedforfatter: Nguyễn Phạm Thanh Uyên
Format: Bog
Sprog:English
Fag:
Tags: Tilføj Tag
Ingen Tags, Vær først til at tagge denne postø!
Thư viện lưu trữ: Mạng thư viện Đại học Đà Nẵng
LEADER 01064cam a22003131a 4500
001 000036004
003 12296
005 20160325000000.0
008 160321s0 enk 000 eng
041 |a eng 
082 |a 428  |b NG- U  |2 Kiểm tra đánh giá 
100 |a Nguyễn Phạm Thanh Uyên 
245 |a Kiểm tra đánh giá  |c Nguyễn Phạm Thanh Uyên  |n Kiểm tra đánh giá 
300 |a 96tr, mh, 30cm 
650 |a Kiểm tra đánh giá, Nguyễn Phạm Thanh Uyên 
852 |b Chuyên đề  |c Giáo trình 
OWN |a LNN 
AVA |a UDN50  |b LNN  |d 428 NG- U  |e available  |t Error 5001 Not defined in file expand_doc_bib_avail.  |f 1  |g 0  |h N  |i 0  |k 1 
999 |a From the UDN01 
AVA |a UDN50  |b LNN  |d 428 NG- U  |e available  |t Error 5001 Not defined in file expand_doc_bib_avail.  |f 1  |g 0  |h N  |i 0  |k 1 
TYP |a Monograph 
TYP |a Printed language 
980 |a Mạng thư viện Đại học Đà Nẵng